000 00781nam a2200241Ia 4500
003 OSt
005 20220918221146.0
006 a|||||r|||| 00| 0
007 ta
008 220917b |||||||| |||| 00| 0 eng d
024 _a148,541
037 _cTextual
040 _aARTS
_cARTS
_beng
041 _2eng
_aeng
082 _aS9:688, K8 (KD/Cen)
100 _aRabaud Etienne
_9139365
245 0 _aHow animals find their way about
_b a study of distant orientation and placerecognition, tr by I H Myers
260 _c1928
490 _aInternational library of psychology, philosophy and scientific method, ed by C K Ogden; 6
650 _aANIMAL BEHAVIOUR
_929214
942 _hS9:688, K8 (KD/Cen)
_cTEXL
_2CC
999 _c271218
_d271218